| 000 | 00458nam a2200181Ia 4500 | ||
|---|---|---|---|
| 003 | GCL | ||
| 008 | 140319s9999 xx 000 0 eng d | ||
| 040 |
_aGCL / _cGCL |
||
| 082 | 0 | 4 |
_a947 _bL L |
| 100 | 1 | _aLAVER, JOHN | |
| 245 | 1 | 0 |
_aLENIN: LIBERATOR OR OPPRESSOR ? / _cLAVER, JOHN |
| 260 |
_a[S.N] : _bHODDER AND STOUGHTON ، _c1995 |
||
| 300 | _a118 P | ||
| 650 | 0 | 4 | _aLENIN 1925 - 1953 USSR |
| 650 | 0 | 4 | _aHISTORY |
| 650 | 0 | 4 | _aRUSSIA |
| 942 |
_2ddc _cBK |
||
| 999 |
_c25094 _d25094 |
||